| 000 | 00390 a2200169 4500 | ||
|---|---|---|---|
| 001 | 192002 | ||
| 020 | _a978-85-322-7141-9 | ||
| 040 | _cMagnum | ||
| 100 | _aSavary, Flávia | ||
| 240 | 1 | 0 |
_aSangue de dragão: palco de paixões _lpor |
| 245 | 1 | 0 | _aSangue de dragão: palco de paixões |
| 300 | _a69 | ||
| 362 | 0 | _a2009 | |
| 440 | 1 | _aFTD | |
| 697 | _aLITERATURA JUVENIL | ||
| 942 | _cBK | ||
| 999 |
_c192002 _d192002 |
||